Các bệnh hại lúa quan trọng ở Đồng bằng sông Cửu Long

Sách gồm 5 phần trình bày các bệnh do nấm, vi khuẩn, virút gây ra, các bệnh do động vật nhỏ và đất xấu gây ra

Đã lưu trong:
書目詳細資料
主要作者: Phạm, Văn Kim
格式: 圖書
語言:Undetermined
出版: Hà Nội Nông nghiệp 2015
主題:
標簽: 添加標簽
沒有標簽, 成為第一個標記此記錄!
Thư viện lưu trữ: Trung tâm Học liệu Trường Đại học Cần Thơ
LEADER 00804nam a2200217Ia 4500
001 CTU_209147
008 210402s9999 xx 000 0 und d
020 |c 58000 
082 |a 633.18 
082 |b K310 
100 |a Phạm, Văn Kim 
245 0 |a Các bệnh hại lúa quan trọng ở Đồng bằng sông Cửu Long 
245 0 |c Phạm Văn Kim 
260 |a Hà Nội 
260 |b Nông nghiệp 
260 |c 2015 
520 |a Sách gồm 5 phần trình bày các bệnh do nấm, vi khuẩn, virút gây ra, các bệnh do động vật nhỏ và đất xấu gây ra 
650 |a Rice,Lúa 
650 |x Diseases and pests,Bệnh và sâu bệnh 
904 |i Hải 
980 |a Trung tâm Học liệu Trường Đại học Cần Thơ